Statystyki dla Państwa Rzeczpospolitej Obojga Narodów

Kliknij tutaj aby rozwiązać quiz!

Ogólne statystyki

  • Ten quiz został rozwiązany 197 razy
    (162 od ostatniego zresetowania)
  • Średni wynik to 9 z 11

Statystyki odpowiedzi

Państwo% Poprawnych
Łotwa
100%
Litwa
99%
Ukraina
99%
Białoruś
96%
Estonia
96%
Polska
96%
Rosja
96%
Słowacja
91%
Mołdawia
90%
Gambia
30%
Trynidad i Tobago
30%

Rozkład punktacji

Percentyl według liczby udzielonych odpowiedzi

Procent ludzi z każdym wynikiem

Twoja historia wyników

Nie rozwiązałeś tego quizu od ostatniego zresetowania